000 00536nam a2200181Ia 4500
008 151202s9999||||xx |||||||||||||| ||und||
082 _bPNVM-32107
100 _aभावे पु.भा.
245 _aमाग वळून.
260 _bकॉन्टिनेंटल बुक सर्व्हीस.
260 _c0
300 _a155
600 _aभावे पु.भा.
630 _aमाग वळून.
700 _aभावे पु.भा.
730 _aमाग वळून.
942 _cBOOK
999 _c1298068
_d1298065